000 00424nam a2200181Ia 4500
001 9665
005 20260306161735.0
008 260306t2006||||xx |||||||||||||| ||spa||
041 _aESP
082 _a388.4
_bJ88
100 _aJump Gómez, Elvis
_eAUT
245 0 _aLa movilidad urbana en Arequipa
260 _c2006
300 _a111 páginas :
_c21 cm.
650 _aGEN
654 _aCAN
942 _cLIB
_dJUS
_fJUS
_2ddc
_n
999 _c9665
_d9665